00491nam a2200121Ia 4500008004100000020001800041100002200059245018200081260004300263300002200306650002500328650001600353190228s9999 xx 000 0 und d a9781119390466 aSteinhorst, Curt. cCurt Steinhorst, Jonathan McKee.--aCan I have your attention? :binspiring better work habits focusing your team, and getting stuff done in the constantly connected workplace / aNew Jersey :bJohn Willey & Sonsc2018 axviii, 238 pages. aEmployee motivation. aLeadership.